|
|
|
|
| LEADER |
00000nam0a2200000 4500 |
| 001 |
147445 |
| 005 |
20231031145042.0 |
| 010 |
|
|
|a 5265011730
|
| 035 |
|
|
|a (RuTPU)RU\TPU\book\159821
|
| 090 |
|
|
|a 147445
|
| 100 |
|
|
|a 20081114d1990 m y0rusy50 ca
|
| 101 |
0 |
|
|a rus
|
| 102 |
|
|
|a RU
|
| 105 |
|
|
|a a z 000ay
|
| 200 |
1 |
|
|a Большие мосты
|e роман
|f А. Г. Письменный
|g худож. А. Мешков
|
| 210 |
|
|
|a Москва
|c Советский писатель
|d 1990
|
| 215 |
|
|
|a 464 с.
|c портр.
|
| 333 |
|
|
|a Исключено из фонда НТБ ТПУ
|
| 700 |
|
1 |
|a Письменный
|b А. Г.
|g Александр Григорьевич
|
| 702 |
|
1 |
|a Мешков
|b А.
|g Анатолий
|4 440
|
| 801 |
|
1 |
|a RU
|b 63413507
|c 20081114
|g PSBO
|
| 801 |
|
2 |
|a RU
|b 63413507
|c 20220516
|g PSBO
|
| 942 |
|
|
|c BK
|